000 00639nam a2200193 a 4500
001 BRCA_1299
005 20190320203350.0
008 230508s1996----mx-a---###---#000-0#spa-#
050 4 _aAM23
_b.M97 1996
245 1 0 _aMuseos de México.
260 _aMéxico
_bGrupo México
_c1996
300 _a345 p.
_bil. a color
_c33 cm.
504 _aBibliografía : p. 340-341
610 2 4 _aMuseo Nacional de Arte
_zCiudad de México
_94250
610 2 4 _aMuseo Nacional de Antropología
_zCiudad de México
_94251
610 2 4 _aMuseo del Instituto de Geología de la UNAM
_zCiudad de México
_94252
650 1 4 _aMuseos
_zMéxico
_93716
942 _2lcc
_cB
999 _c1165
_d1165